[Event "XIII Festival Conca della Presolana"]
[Site "Bratto - Castione della Presolana ITA"]
[Date "1993.08.??"]
[Round "?"]
[White "Astengo, Corrado"]
[Black "Belotti, Bruno"]
[Result "1/2-1/2"]
[WhiteElo "2165"]
[BlackElo "2410"]
[PlyCount "47"]
[EventDate "1993.08.24"]

1. e4 d6 2. d4 Nf6 3. Nc3 c6 4. a4 Qa5 5. Bd2 e5 6. Nf3 h6 7. Be2 Bg4 8. Nd5
Qd8 9. Nxf6+ Qxf6 10. Bc3 Bxf3 11. Bxf3 Be7 12. O-O O-O 13. Qd2 Qe6 14. Rad1
Nd7 15. h3 Nf6 16. Rfe1 Rfe8 17. Qe3 Bd8 18. a5 a6 19. dxe5 dxe5 20. Qc5 Bc7
21. Rd2 Rad8 22. Red1 Rxd2 23. Rxd2 h5 24. Qb4 1/2-1/2

[Event "XIII Festival Conca della Presolana"]
[Site "Bratto - Castione della Presolana ITA"]
[Date "1993.08.??"]
[Round "?"]
[White "Astengo, Corrado"]
[Black "De Santis, Alessio"]
[WhiteElo "2165"]
[BlackElo "1972"]
[Result "0-1"]
[PlyCount "80"]
[EventDate "1993.08.24"]

1. e4 d6 2. d4 Nf6 3. Nc3 c6 4. a4 a5 5. g3 g6 6. Bg2 Bg7 7. Nge2 h5 8. Bg5
Nbd7 9. Qd2 Qc7 10. O-O Nf8 11. d5 Ng4 12. h3 f6 13. Be3 Ne5 14. f4 Nc4 15. Qd4
Nxe3 16. Qxe3 Ra6 17. Kh1 Qb6 18. Qd2 f5 19. Rab1 h4 20. exf5 gxf5 21. Rf3 Qc5
22. Re1 Rb6 23. b3 Rb4 24. Re3 Ng6 25. Na2 Re4 26. Bxe4 fxe4 27. g4 cxd5 28. c3
O-O 29. Rf1 e5 30. b4 Qc4 31. f5 Bh6 32. g5 Bxg5 33. Rg1 Rxf5 34. Nac1 Kh7 35.
bxa5 Bd7 36. Rg2 Bh6 37. Ng1 d4 38. Rxg6 Kxg6 39. Qg2+ Rg5 40. Qe2 Rxg1+ 0-1

[Event "XIII Festival Conca della Presolana"]
[Site "Bratto - Castione della Presolana ITA"]
[Date "1993.08.??"]
[Round "?"]
[White "Belotti, Bruno"]
[Black "Babits, Andras"]
[Result "1-0"]
[WhiteElo "2410"]
[BlackElo "2265"]
[PlyCount "47"]
[EventDate "1993.08.24"]

1. e4 e6 2. d4 d5 3. Nc3 Ne7 4. Nf3 Ng6 5. Bd3 c5 6. exd5 exd5 7. dxc5 Be6 8.
Be3 Nd7 9. Bb5 a6 10. Ba4 Rc8 11. O-O Bxc5 12. Bxd7+ Qxd7 13. Bxc5 Rxc5 14. Qd4
Rc4 15. Qxg7 f6 16. Qxd7+ Kxd7 17. Rad1 Nf4 18. Nd4 Bf7 19. Nf5 Bh5 20. f3 Rg8
21. Ne3 Rc6 22. Ncxd5 Nxg2 23. Nxg2 Ke6 24. Ndf4+ 1-0

[Event "XIII Festival Conca della Presolana"]
[Site "Bratto - Castione della Presolana ITA"]
[Date "1993.08.??"]
[Round "?"]
[White "Belotti, Bruno"]
[Black "Ceresoli, Luigi"]
[Result "1-0"]
[WhiteElo "2410"]
[BlackElo "2100"]
[PlyCount "75"]
[EventDate "1993.08.24"]

1. d4 Nf6 2. c4 e6 3. Nf3 Bb4+ 4. Nbd2 b6 5. a3 Bxd2+ 6. Qxd2 Ne4 7. Qc2 Bb7 8.
e3 O-O 9. Be2 d6 10. O-O Nd7 11. b4 f5 12. Bb2 Rf6 13. d5 e5 14. Nh4 g6 15. f3
Ng5 16. f4 Ne4 17. Nf3 Qe7 18. Bd3 b5 19. cxb5 Bxd5 20. Qxc7 Rff8 21. Rac1 exf4
22. exf4 Rfc8 23. Qxc8+ Rxc8 24. Rxc8+ Nf8 25. Bd4 Bb7 26. Rc2 Ne6 27. Be3 g5
28. fxg5 f4 29. Bc1 N4xg5 30. Nxg5 Qxg5 31. Bc4 d5 32. Ba2 h5 33. Rcf2 h4 34.
Bxf4 Qg4 35. h3 Qg6 36. Be5 Qe4 37. Bb2 Qe3 38. Kh1 1-0

[Event "XIII Festival Conca della Presolana"]
[Site "Bratto - Castione della Presolana ITA"]
[Date "1993.08.??"]
[Round "?"]
[White "Belotti, Bruno"]
[Black "Laco, Giuseppe"]
[Result "1-0"]
[WhiteElo "2410"]
[BlackElo "2265"]
[PlyCount "65"]
[EventDate "1993.08.24"]

1. d4 g6 2. e4 Bg7 3. Nc3 c5 4. Nf3 a6 5. dxc5 Qa5 6. Bd2 Qxc5 7. Nd5 e6 8. Be3
Qa5+ 9. b4 Qa3 10. Nc7+ Kd8 11. Nxa8 Qc3+ 12. Bd2 Qxa1 13. Qxa1 Bxa1 14. c3 b5
15. Nb6 Bb7 16. a4 Kc7 17. a5 Bxe4 18. Bf4+ d6 19. Kd2 f6 20. Bd3 Bxf3 21. gxf3
e5 22. Be3 Bxc3+ 23. Kxc3 Ne7 24. Be4 f5 25. Ba8 f4 26. Bd2 Nbc6 27. Kd3 Rf8
28. Rc1 Rf5 29. Ke4 Rh5 30. Nd5+ Kb8 31. Bxc6 Nf5 32. Nb6 Rxh2 33. Bd5 1-0

[Event "XIII Festival Conca della Presolana"]
[Site "Bratto - Castione della Presolana ITA"]
[Date "1993.08.??"]
[Round "?"]
[White "Belotti, Bruno"]
[Black "Mascheroni, Maurizio"]
[Result "1-0"]
[WhiteElo "2410"]
[BlackElo "1908"]
[PlyCount "49"]
[EventDate "1993.08.24"]

1. e4 d6 2. d4 Nf6 3. Nc3 g6 4. Be3 c6 5. f3 Bg7 6. Qd2 Nbd7 7. g4 e5 8. O-O-O
Qe7 9. Nge2 Nb6 10. Ng3 Bd7 11. g5 Ng8 12. h4 h5 13. dxe5 dxe5 14. Qf2 Qb4 15.
a3 Qa5 16. Bd2 Nc8 17. Nb5 Qd8 18. Bb4 a5 19. Rxd7 Qxd7 20. Bh3 f5 21. gxf6 Qf7
22. fxg7 Qxg7 23. Nd6+ Nxd6 24. Bxd6 Qf6 25. Qc5 1-0

[Event "XIII Festival Conca della Presolana"]
[Site "Bratto - Castione della Presolana ITA"]
[Date "1993.08.??"]
[Round "?"]
[White "Ceresoli, Luigi"]
[Black "Laco, Giuseppe"]
[Result "0-1"]
[WhiteElo "2100"]
[BlackElo "2265"]
[PlyCount "90"]
[EventDate "1993.08.24"]

1. e4 c5 2. Nf3 e6 3. d4 cxd4 4. Nxd4 a6 5. Bd3 Nc6 6. Be3 Ne5 7. O-O Nf6 8.
Nc3 Nfg4 9. Bf4 Qf6 10. Bxe5 Nxe5 11. f4 Bc5 12. Nce2 Ng4 13. c3 Ne3 14. Qd2
Nxf1 15. Rxf1 d6 16. Kh1 h5 17. Nf3 Qe7 18. e5 d5 19. b4 Bb6 20. f5 exf5 21.
Nf4 Be6 22. Qc2 g6 23. Qa4+ Kf8 24. Nd4 Bxd4 25. cxd4 Kg7 26. Be2 g5 27. Nd3 g4
28. Nf4 b5 29. Qb3 Rac8 30. Nd3 Qg5 31. Nc5 Rc6 32. a4 Rb8 33. a5 Rbc8 34. Bd3
h4 35. Qc2 Kg6 36. Qe2 Rh8 37. Kg1 Bc8 38. Bc2 Kg7 39. Bb3 Be6 40. Bc2 Rh5 41.
Bd3 f4 42. Qd2 f3 43. Qxg5+ Rxg5 44. Kf2 fxg2 45. Kxg2 Bc8 0-1

[Event "XIII Festival Conca della Presolana"]
[Site "Bratto - Castione della Presolana ITA"]
[Date "1993.08.??"]
[Round "?"]
[White "Ceresoli, Luigi"]
[Black "Ventura, Sergio"]
[WhiteElo "2100"]
[BlackElo "1959"]
[Result "1-0"]
[PlyCount "81"]
[EventDate "1993.08.24"]

1. e4 c5 2. Nf3 Nc6 3. d4 cxd4 4. Nxd4 Nf6 5. Nc3 d6 6. Bc4 a6 7. O-O Qc7 8.
Bg5 Nxd4 9. Qxd4 b5 10. Bb3 Bb7 11. a4 e5 12. Qd3 b4 13. Bxf6 bxc3 14. Bg5 cxb2
15. Rab1 h6 16. Be3 Be7 17. Rxb2 O-O 18. Rfb1 Bc6 19. a5 Rfc8 20. Bc4 Bf8 21.
Bxa6 Bxe4 22. Qxe4 Rxa6 23. Bb6 Qc4 24. Qxc4 Rxc4 25. Kf1 f6 26. Ke2 Kf7 27.
Kd3 Rh4 28. g3 Ra4 29. c4 Ra3+ 30. Rb3 Ra2 31. Kc3 Ra4 32. Rb5 Ra2 33. Rd5 Ke6
34. Kb4 f5 35. Kb5 Ra8 36. Kc6 Rc8+ 37. Kb5 Ra8 38. Rb4 Be7 39. Kc6 Bg5 40.
Rxd6+ Ke7 41. Rd7+ 1-0

[Event "XIII Festival Conca della Presolana"]
[Site "Bratto - Castione della Presolana ITA"]
[Date "1993.08.??"]
[Round "?"]
[White "De Santis, Alessio"]
[Black "Battaggia, Piergiorgio"]
[WhiteElo "1972"]
[BlackElo "2048"]
[Result "1-0"]
[PlyCount "47"]
[EventDate "1993.08.24"]

1. d4 Nf6 2. Nf3 d5 3. e3 e6 4. Bd3 c5 5. c3 Nbd7 6. Nbd2 Bd6 7. Qe2 Qc7 8. O-O
O-O 9. e4 cxd4 10. cxd4 dxe4 11. Nxe4 Bf4 12. Nxf6+ Nxf6 13. Ne5 Bxc1 14. Raxc1
Qb6 15. Rfd1 Bd7 16. g4 Rad8 17. g5 Nd5 18. Qh5 g6 19. Nxg6 fxg6 20. Bxg6 hxg6
21. Qxg6+ Kh8 22. Rd3 Nf4 23. Qh6+ Kg8 24. g6 1-0

[Event "XIII Festival Conca della Presolana"]
[Site "Bratto - Castione della Presolana ITA"]
[Date "1993.08.??"]
[Round "?"]
[White "De Santis, Alessio"]
[Black "Belotti, Bruno"]
[Result "1/2-1/2"]
[WhiteElo "1972"]
[BlackElo "2410"]
[PlyCount "69"]
[EventDate "1993.08.24"]

1. d4 Nf6 2. Nf3 g6 3. Nbd2 Bg7 4. e4 O-O 5. Bd3 d6 6. O-O c5 7. c3 a6 8. Re1
cxd4 9. Nxd4 Qc7 10. N2f3 Nbd7 11. Bg5 h6 12. Bh4 b5 13. Rc1 Bb7 14. b4 Rac8
15. h3 Qb8 16. a4 e5 17. Nb3 d5 18. Nfd2 bxa4 19. Na5 Nb6 20. Bxf6 Bxf6 21.
exd5 Bxd5 22. Bxa6 Rcd8 23. Qe2 Qa8 24. f3 Qa7 25. Kh1 Bh4 26. Red1 Ba8 27. Bc4
Bg5 28. Ra1 Qc7 29. Ne4 Be7 30. Ba2 Kg7 31. Qb5 Rb8 32. Nc4 Nxc4 33. Qxc4 Rbc8
34. Qxc7 Rxc7 35. Bd5 1/2-1/2

[Event "XIII Festival Conca della Presolana"]
[Site "Bratto - Castione della Presolana ITA"]
[Date "1993.08.??"]
[Round "?"]
[White "Laco, Giuseppe"]
[Black "De Santis, Alessio"]
[Result "1-0"]
[WhiteElo "2265"]
[BlackElo "1972"]
[PlyCount "117"]
[EventDate "1993.08.24"]

1. c4 Nf6 2. Nc3 g6 3. e4 d6 4. d4 Bg7 5. f3 O-O 6. Be3 b6 7. Qd2 c5 8. d5 Nbd7
9. g4 Ne5 10. h3 a6 11. a4 Rb8 12. Be2 Qc7 13. Bh6 e6 14. Bxg7 Kxg7 15. f4 Ned7
16. g5 Ne8 17. Bg4 e5 18. f5 Rh8 19. h4 h5 20. Bh3 Nf8 21. Nge2 Bd7 22. Ng3 Rb7
23. Bf1 Qc8 24. Qf2 Kg8 25. Be2 Qd8 26. O-O Qe7 27. Kh2 Nc7 28. Rg1 b5 29. axb5
axb5 30. b3 bxc4 31. bxc4 Rb3 32. Nd1 Qd8 33. Ne3 Qb8 34. Raf1 Qe8 35. Rb1 Rb4
36. Nc2 Rxb1 37. Rxb1 Qd8 38. Rf1 Qe7 39. Ne3 Bc8 40. Rg1 Qd7 41. Qf1 Ne8 42.
Rg2 Nc7 43. Qd1 Qe7 44. Bxh5 gxh5 45. Nxh5 Ng6 46. fxg6 fxg6 47. Nf6+ Kg7 48.
h5 gxh5 49. Kg1 Ne8 50. Qf3 h4 51. Nh5+ Kg8 52. Nf5 Bxf5 53. Nf6+ Kg7 54. exf5
h3 55. Ne4 Qd7 56. Rf2 Qa4 57. f6+ Kf8 58. g6 h2+ 59. Kh1 1-0

[Event "XIII Festival Conca della Presolana"]
[Site "Bratto - Castione della Presolana ITA"]
[Date "1993.08.??"]
[Round "?"]
[White "Laco, Giuseppe"]
[Black "Magalotti, Andrea"]
[Result "1-0"]
[WhiteElo "2265"]
[BlackElo "2205"]
[PlyCount "149"]
[EventDate "1993.08.24"]

1. c4 Nf6 2. b4 e6 3. a3 b6 4. Bb2 Bb7 5. e3 Be7 6. Nf3 O-O 7. Nc3 d6 8. Qc2 c5
9. b5 Nbd7 10. Be2 Qc7 11. h3 Rfe8 12. O-O d5 13. d3 Nf8 14. a4 Ng6 15. Ra2 Bd8
16. Rd1 Rc8 17. Bf1 Qd6 18. e4 Bc7 19. g3 Rcd8 20. Re1 d4 21. Nb1 Nd7 22. Bc1
f5 23. Nbd2 f4 24. g4 Qe7 25. Bg2 Nde5 26. a5 Ra8 27. Nb3 Nxf3+ 28. Bxf3 Qh4
29. a6 Bc8 30. Kg2 Ne5 31. Qe2 Rf8 32. Rh1 Rf6 33. Ra1 Bd7 34. Ba3 Rg6 35. Rag1
Be8 36. Kf1 Rd8 37. Nd2 Nd7 38. Ke1 Be5 39. Kd1 Bf6 40. Kc2 Ne5 41. Kb3 Qh6 42.
h4 Bxh4 43. Rh3 Qg5 44. Rgh1 Rh6 45. Bg2 Rd7 46. Bc1 Rf7 47. Nf3 Nxf3 48. Bxf3
e5 49. R1h2 Qe7 50. Qd1 Bg5 51. Rxh6 Bxh6 52. Qh1 Qe6 53. Kb2 Rc7 54. Bd1 Qg6
55. f3 Bg5 56. Bd2 Be7 57. Rh5 Bg5 58. Be1 h6 59. Rh2 Be7 60. Be2 Bxb5 61. cxb5
Qe8 62. Bd1 Qxb5+ 63. Bb3+ Kh7 64. Rc2 Qxd3 65. Bc4 Qd1 66. Be2 Qxc2+ 67. Kxc2
c4 68. Qh5 d3+ 69. Bxd3 cxd3+ 70. Kxd3 Bf6 71. Qf5+ Kh8 72. Bb4 b5 73. Qe6 Rc4
74. Qe8+ Kh7 75. Qxb5 1-0

[Event "XIII Festival Conca della Presolana"]
[Site "Bratto - Castione della Presolana ITA"]
[Date "1993.08.??"]
[Round "?"]
[White "Laco, Giuseppe"]
[Black "Ventura, Sergio"]
[Result "1-0"]
[WhiteElo "2265"]
[BlackElo "1959"]
[PlyCount "67"]
[EventDate "1993.08.24"]

1. c4 c5 2. Nc3 g6 3. g3 Bg7 4. Bg2 Nf6 5. e4 Nc6 6. Nge2 O-O 7. O-O d6 8. h3
Bd7 9. d3 a6 10. Be3 Rb8 11. Qd2 b5 12. Rae1 Qa5 13. b3 Rfc8 14. f4 b4 15. Nb1
Rd8 16. g4 h5 17. g5 Ne8 18. f5 Be5 19. Nf4 Bxf4 20. Rxf4 Nc7 21. Ref1 Rf8 22.
Qe2 Nd4 23. Qf2 e5 24. Rh4 Na8 25. Bxd4 cxd4 26. f6 Kh7 27. Bf3 Rh8 28. Kh2 Qd8
29. Rg1 Nc7 30. Bxh5 gxh5 31. g6+ Kg8 32. Qf3 Ne6 33. g7 Rh7 34. Qxh5 1-0

[Event "XIII Festival Conca della Presolana"]
[Site "Bratto - Castione della Presolana ITA"]
[Date "1993.08.??"]
[Round "?"]
[White "Laketic, Gojko"]
[Black "Belotti, Bruno"]
[Result "1/2-1/2"]
[WhiteElo "2410"]
[BlackElo "2410"]
[PlyCount "52"]
[EventDate "1993.08.24"]

1. e4 c5 2. Nf3 d6 3. Nc3 Nf6 4. d4 cxd4 5. Nxd4 a6 6. Bc4 e6 7. O-O Qc7 8. Bb3
Nc6 9. Kh1 Na5 10. f4 Be7 11. f5 Nxb3 12. axb3 O-O 13. Qf3 Bd7 14. Bg5 h6 15.
Bh4 Rae8 16. Qd3 Nh7 17. Bxe7 Rxe7 18. fxe6 fxe6 19. Rxf8+ Nxf8 20. Nf3 Be8 21.
Rd1 Rd7 22. Qd4 Bh5 23. Rd3 Bxf3 24. Rxf3 Ng6 25. Rf1 Ne5 26. Kg1 Kh7 1/2-1/2

[Event "XIII Festival Conca della Presolana"]
[Site "Bratto - Castione della Presolana ITA"]
[Date "1993.08.??"]
[Round "?"]
[White "Laketic, Gojko"]
[Black "Laco, Giuseppe"]
[Result "1-0"]
[WhiteElo "2410"]
[BlackElo "2265"]
[PlyCount "53"]
[EventDate "1993.08.24"]

1. d4 g6 2. e4 Bg7 3. Nc3 c5 4. d5 d6 5. Nf3 a6 6. a4 Bg4 7. Be2 Nd7 8. Nd2
Bxe2 9. Qxe2 Qa5 10. O-O h5 11. Nc4 Qc7 12. a5 Nh6 13. h3 O-O-O 14. Bg5 f6 15.
Bxh6 Rxh6 16. Rab1 Rf8 17. Na4 Kd8 18. b4 f5 19. bxc5 f4 20. Rb3 Nxc5 21. Nxc5
Qxc5 22. Rxb7 Ke8 23. Rfb1 g5 24. e5 dxe5 25. Nxe5 Bxe5 26. Qxe5 Kf7 27. Qf5+
1-0

[Event "XIII Festival Conca della Presolana"]
[Site "Bratto - Castione della Presolana ITA"]
[Date "1993.08.??"]
[Round "?"]
[White "Laketic, Gojko"]
[Black "Magalotti, Andrea"]
[Result "0-1"]
[WhiteElo "2410"]
[BlackElo "2205"]
[PlyCount "69"]
[EventDate "1993.08.24"]

1. e4 e5 2. Nf3 Nc6 3. Bb5 Nf6 4. d3 d6 5. c3 Be7 6. Nbd2 a6 7. Ba4 O-O 8. O-O
Re8 9. Re1 Bf8 10. Nf1 g6 11. Ng3 b5 12. Bb3 Na5 13. Bc2 c5 14. d4 Bb7 15. d5
Bc8 16. a3 Bd7 17. Bg5 h6 18. Be3 Kh7 19. h3 Bg7 20. Nd2 Qc7 21. b3 Ng8 22. Rc1
Re7 23. b4 Nb7 24. c4 Rc8 25. Bd3 Qb8 26. Qe2 bxc4 27. Nxc4 cxb4 28. axb4 Rd8
29. Nb6 a5 30. b5 Nf6 31. Rc3 h5 32. Qd2 h4 33. Nf1 Ng8 34. Bg5 f6 35. Be3 0-1

[Event "XIII Festival Conca della Presolana"]
[Site "Bratto - Castione della Presolana ITA"]
[Date "1993.08.??"]
[Round "?"]
[White "Soprano, Paolo"]
[Black "Ventura, Sergio"]
[WhiteElo "2028"]
[BlackElo "1959"]
[Result "0-1"]
[PlyCount "108"]
[EventDate "1993.08.24"]

1. c4 g6 2. Nf3 Bg7 3. d4 c5 4. d5 d6 5. e4 Nf6 6. Nc3 Bg4 7. Be2 O-O 8. O-O
Na6 9. Bg5 Nc7 10. a4 Nd7 11. Qd2 Re8 12. h3 Bxf3 13. Bxf3 Na6 14. a5 Nb4 15.
Be2 b6 16. axb6 Qxb6 17. Ra3 Rab8 18. Rfa1 Rb7 19. Na4 Qc7 20. Nc3 Qb8 21. Nb5
a6 22. Nc3 Bd4 23. Nd1 Qc7 24. Be3 Bg7 25. Nc3 Reb8 26. Kh2 Qd8 27. f4 Qf8 28.
Bg4 f5 29. exf5 gxf5 30. Bf3 Kh8 31. Bf2 Bf6 32. Rg1 Qh6 33. Be3 Bh4 34. b3 Bf6
35. g4 Qg7 36. Nd1 Bd4 37. Rg2 Bxe3 38. Nxe3 fxg4 39. Nxg4 Rf8 40. Be4 Qd4 41.
Qe1 Nf6 42. Nxf6 Qxf6 43. Qa1 Qxa1 44. Rxa1 Rxf4 45. Rag1 Rb8 46. Bb1 Rf7 47.
Rg5 Rbf8 48. Be4 Na2 49. Rh5 Nc3 50. Rg4 Rf2+ 51. Kg3 Ne2+ 52. Kh4 R2f7 53. Bb1
a5 54. Rg2 Nf4 0-1

[Event "XIII Festival Conca della Presolana"]
[Site "Bratto - Castione della Presolana ITA"]
[Date "1993.08.??"]
[Round "?"]
[White "Ventura, Boris"]
[Black "Laketic, Gojko"]
[Result "0-1"]
[WhiteElo "2020"]
[BlackElo "2410"]
[PlyCount "72"]
[EventDate "1993.08.24"]

1. e4 c6 2. d4 d5 3. Nc3 dxe4 4. Nxe4 Bf5 5. Ng3 Bg6 6. Nf3 Nd7 7. h4 h6 8. h5
Bh7 9. Bd3 Bxd3 10. Qxd3 e6 11. Bd2 Qc7 12. O-O-O Ngf6 13. Kb1 c5 14. Ne4 c4
15. Nxf6+ Nxf6 16. Qe2 Bd6 17. d5 Nxd5 18. Nd4 Be7 19. Nxe6 fxe6 20. Qxe6 Qc6
21. Qg4 c3 22. Qxg7 O-O-O 23. Bxc3 Rhg8 24. Qe5 Nxc3+ 25. bxc3 Ba3 26. Qa5 Bc5
27. f3 a6 28. g4 Rdf8 29. Rhf1 Rf4 30. c4 Rxc4 31. Rd3 Kb8 32. Qd2 Bb4 33. Rd8+
Ka7 34. Qe3+ Bc5 35. Qd3 Rxd8 36. Qxd8 Rd4 0-1

[Event "XIII Festival Conca della Presolana"]
[Site "Bratto - Castione della Presolana ITA"]
[Date "1993.08.??"]
[Round "1"]
[White "Agnelli, Francesco"]
[Black "Astengo, Corrado"]
[Result "0-1"]
[WhiteElo "1967"]
[BlackElo "2165"]
[PlyCount "69"]
[EventDate "1993.08.24"]

1. e4 c5 2. Nf3 d6 3. d4 Nf6 4. Nc3 cxd4 5. Nxd4 a6 6. Bg5 e6 7. Qd2 Be7 8.
O-O-O b5 9. a3 O-O 10. f3 Bb7 11. h4 Nbd7 12. g4 d5 13. Bxf6 Nxf6 14. g5 Nh5
15. Bd3 b4 16. axb4 Bxb4 17. e5 Rc8 18. Qe3 Bxc3 19. bxc3 Qa5 20. Nb3 Qxc3 21.
Rhg1 g6 22. Nd4 Rc4 23. Rg4 Ra4 24. Nb3 Ra2 25. Qb6 Rc8 26. Rd2 Qb2+ 27. Kd1
Ra1+ 28. Ke2 Qxe5+ 29. Be4 Qh2+ 30. Qf2 Rh1 31. Ke3 Qxf2+ 32. Kxf2 Rh2+ 33. Ke3
Rxd2 34. Kxd2 dxe4 35. fxe4 0-1

[Event "XIII Festival Conca della Presolana"]
[Site "Bratto - Castione della Presolana ITA"]
[Date "1993.08.??"]
[Round "3"]
[White "Magalotti, Andrea"]
[Black "Astengo, Corrado"]
[Result "1-0"]
[WhiteElo "2205"]
[BlackElo "2165"]
[PlyCount "67"]
[EventDate "1993.08.24"]

1. e4 c5 2. Nf3 d6 3. d4 Nf6 4. Nc3 cxd4 5. Nxd4 a6 6. Bg5 e6 7. Qd2 Be7 8.
O-O-O b5 9. Bd3 Bb7 10. f3 Nbd7 11. g4 O-O 12. h4 b4 13. Nce2 d5 14. Bxf6 Bxf6
15. Qxb4 Rb8 16. Nb3 Bc6 17. Qe1 a5 18. Ned4 Ba4 19. exd5 exd5 20. Bf5 Bxb3 21.
axb3 Qb6 22. Bxd7 Bxd4 23. Kb1 Rfd8 24. Ba4 Qf6 25. g5 Qf4 26. Rd3 Bxb2 27.
Qxa5 Bd4 28. Rhd1 Bb6 29. Qd2 Qxh4 30. Rxd5 g6 31. Bc6 Rxd5 32. Bxd5 Qh3 33.
Bxf7+ Kxf7 34. Qf4+ 1-0

[Event "XIII Festival Conca della Presolana"]
[Site "Bratto - Castione della Presolana ITA"]
[Date "1993.08.??"]
[Round "5"]
[White "Astengo, Corrado"]
[Black "Rizzuti, Pasquale"]
[Result "1-0"]
[WhiteElo "2165"]
[BlackElo "1882"]
[PlyCount "55"]
[EventDate "1993.08.24"]

1. e4 c5 2. Nf3 Nc6 3. d4 cxd4 4. Nxd4 Nf6 5. Nc3 d6 6. f4 g6 7. Bc4 Bg7 8.
Nxc6 bxc6 9. Qf3 Bg4 10. Qg3 h5 11. O-O h4 12. Qf2 h3 13. g3 Rh5 14. Be3 a5 15.
Rae1 c5 16. e5 dxe5 17. Bxc5 Bd7 18. fxe5 Rf5 19. exf6 Rxf2 20. fxg7 Rg2+ 21.
Kh1 Bc6 22. g8=Q+ Kd7 23. Qxd8+ Rxd8 24. Bd5 Bxd5 25. Nxd5 Kc6 26. Nf4 Rxc2 27.
Bxe7 Rdd2 28. Rc1 1-0

[Event "XIII Festival Conca della Presolana"]
[Site "Bratto - Castione della Presolana ITA"]
[Date "1993.08.??"]
[Round "6"]
[White "Ventura, Boris"]
[Black "Astengo, Corrado"]
[Result "1/2-1/2"]
[WhiteElo "2020"]
[BlackElo "2165"]
[PlyCount "40"]
[EventDate "1993.08.24"]

1. e4 c5 2. Nf3 d6 3. d4 Nf6 4. Nc3 cxd4 5. Nxd4 a6 6. f4 e5 7. Nf3 Qc7 8. Bd3
Nbd7 9. a4 Be7 10. O-O O-O 11. Kh1 Re8 12. fxe5 Nxe5 13. Nxe5 dxe5 14. Bg5 Be6
15. Qe1 Kh8 16. Qh4 Ng8 17. Bxe7 Qxe7 18. Qh5 Qc7 19. Qh4 Rad8 20. Rae1 Qe7
1/2-1/2

[Event "XIII Festival Conca della Presolana"]
[Site "Bratto - Castione della Presolana ITA"]
[Date "1993.08.??"]
[Round "7"]
[White "Astengo, Corrado"]
[Black "Capece, Adolivio"]
[Result "1/2-1/2"]
[WhiteElo "2165"]
[BlackElo "2205"]
[PlyCount "37"]
[EventDate "1993.08.24"]

1. e4 c5 2. Nf3 Nc6 3. d4 cxd4 4. Nxd4 g6 5. Be3 Bg7 6. Bc4 Nf6 7. Nc3 Qa5 8.
O-O O-O 9. Nb3 Qc7 10. f4 d6 11. h3 a6 12. a4 Nb4 13. Bd3 Be6 14. Nd4 Bc4 15.
Qe2 Rac8 16. Rac1 Nh5 17. Bxc4 Qxc4 18. Qxc4 Rxc4 19. Nde2 1/2-1/2

[Event "XIII Festival Conca della Presolana"]
[Site "Bratto - Castione della Presolana ITA"]
[Date "1993.08.??"]
[Round "7"]
[White "Laco, Giuseppe"]
[Black "Bonugli, Carlo"]
[Result "0-1"]
[WhiteElo "2265"]
[BlackElo "1925"]
[PlyCount "81"]
[EventDate "1993.08.24"]

1. c4 Nf6 2. b4 g6 3. Bb2 Bg7 4. e4 O-O 5. Qc2 e5 6. Ne2 Re8 7. f3 c6 8. Ng3 d5
9. a3 h5 10. d3 Nbd7 11. Nd2 a5 12. c5 axb4 13. axb4 Rxa1+ 14. Bxa1 Nf8 15. Ne2
b6 16. g3 h4 17. Nc1 Nh5 18. Ne2 Nh7 19. Bb2 Bf8 20. g4 N5f6 21. Nc1 bxc5 22.
bxc5 Qc7 23. Be2 dxe4 24. dxe4 Nd7 25. Ndb3 Qa7 26. Nd3 Ba6 27. f4 Bxd3 28.
Bxd3 exf4 29. O-O Qc7 30. Kh1 Bg7 31. Nd4 Qe5 32. Rc1 Ng5 33. Ba1 Qc7 34. Qa4
Ne5 35. Bc2 f3 36. Qa2 Nxg4 37. Bb3 f2 38. e5 Qxe5 39. Nf3 Qf4 40. Bxf7+ Nxf7
41. Kg2 0-1

[Event "XIII Festival Conca della Presolana"]
[Site "Bratto - Castione della Presolana ITA"]
[Date "1993.08.??"]
[Round "8"]
[White "Ventura, Sergio"]
[Black "Astengo, Corrado"]
[Result "1/2-1/2"]
[WhiteElo "1959"]
[BlackElo "2165"]
[PlyCount "82"]
[EventDate "1993.08.24"]

1. f4 d5 2. Nf3 Nf6 3. e3 Bg4 4. h3 Bxf3 5. Qxf3 Nbd7 6. g4 c6 7. d4 Ne4 8. Bd3
Nd6 9. Nd2 e6 10. O-O f5 11. c4 g6 12. c5 Ne4 13. b4 a6 14. Bxe4 dxe4 15. Qg2
Qh4 16. Nc4 Be7 17. Bb2 Rg8 18. g5 h6 19. Bc3 hxg5 20. Be1 Qh5 21. fxg5 Bxg5
22. Bg3 Be7 23. Bh2 Rh8 24. Rf2 Rh6 25. Kh1 Qxh3 26. Rg1 Qxg2+ 27. Kxg2 Nf6 28.
Bf4 Rh5 29. Nb6 Rd8 30. Bc7 Ng4 31. Re2 Bg5 32. Rge1 Ke7 33. Bxd8+ Kxd8 34. Nc4
Rh2+ 35. Kg1 Rh3 36. Kg2 Rh2+ 37. Kg1 Rh3 38. a4 Bh4 39. Rf1 Bg5 40. Rfe1 Bh4
41. Rf1 Bg5 1/2-1/2